| 000 | 00971cab a2200253 4500 | ||
|---|---|---|---|
| 001 | ABS57555 | ||
| 008 | 090401t1997 xxu||||| |||| 00| 0 eng d | ||
| 035 | _a(Sirsi) u81058 | ||
| 041 | _aeng | ||
| 100 | _aDale, G. | ||
| 245 | _aPACT | ||
| 260 | _c1997 | ||
| 350 | _a0 | ||
| 490 |
_aSolicitors` Journal _v141(34) 12 September 1997, 847(1) |
||
| 520 | _aOutlines the advantages of `professional arbitration on court terms` (PACT) - an alternative procedure for lease renewals of commercial property which was launched with effect from 1 July 1997. | ||
| 650 | _aMANAGEMENT-DISPUTE AVOIDANCE, MANAGEMENT AND RESOLUTION-DISPUTE MANAGEMENT AND RESOLUTION-ARBITRATION | ||
| 650 | _aINDEPENDENT EXPERTS | ||
| 650 | _aLEASE RENEWALS | ||
| 650 | _aPACT | ||
| 650 | _aPROFESSIONAL ARBITRATION ON COURT TERMS | ||
| 690 | _aMANAGEMENT-DISPUTE AVOIDANCE, MANAGEMENT AND RESOLUTION-DISPUTE MANAGEMENT AND RESOLUTION-ARBITRATION | ||
| 942 | _n0 | ||
| 948 | _c24/09/1997 | ||
| 999 |
_c51069 _d51069 |
||